Pokémon - Les attaques de Scobolide - Statistiques

Statistiques générales
  • Ce quiz a été pris 11 fois
  • Le résultat moyen est 11 sur 14
Statistiques - réponses
Niveaux Types Noms des attaques % Correct
Niveau 32 Normal Bélier
100%
Niveau 26 Poison Choc Venin
100%
Départ Poison Dard-Venin
100%
Niveau 20 Insecte Piqûre
100%
Niveau 56 Normal Damoclès
86%
Niveau 38 Psy Hâte
86%
Départ Évolution Acier Mur de Fer
86%
Départ Roche Roulade
86%
Niveau 44 Poison Toxik
86%
Niveau 16 Normal Grincement
71%
Niveau 50 Poison Piège de Venin
71%
Départ Normal Boul'Armure
57%
Niveau 12 Poison Queue-Poison
57%
Départ Normal Abri
43%
Aucun quiz correspondant
Distribution des résultats
% des personnes avec chaque résultat
Percentile par nombre de réponses
Votre historique - résultats
Vous n’avez pas pris ce quiz